Motivovanie ku kreatívnemu správaniu zamestnancov bakalárska práca

Guardado en:
Detalles Bibliográficos
Autor principal: Lokajová, Mariana
Autor Corporativo: Fakulta podnikového manažmentu EU. Katedra manažmentu
Otros Autores: Suntingerová, Ľudmila
Formato: Libro
Lenguaje:eslovaco
Publicado: Bratislava 2013
Etiquetas: Agregar Etiqueta
Sin Etiquetas, Sea el primero en etiquetar este registro!

MARC

LEADER 00000nbm a2200000 4500
001 0173000
005 20161109112131.8
041 0 |a slo 
044 |a SK 
245 1 0 |a Motivovanie ku kreatívnemu správaniu zamestnancov  |b bakalárska práca  |c Mariana Lokajová ; školiteľ: Ľudmila Suntingerová 
264 1 |a Bratislava  |c 2013 
300 |a 47 s. 
100 1 |a Lokajová, Mariana 
700 1 |a Suntingerová, Ľudmila 
710 2 |a Fakulta podnikového manažmentu EU. Katedra manažmentu